Business process modelling : (Record no. 16571)
[ view plain ]
| 000 -LEADER | |
|---|---|
| fixed length control field | 00998nam a2200289 a 4500 |
| 001 - CONTROL NUMBER | |
| control field | 014846511 |
| 003 - CONTROL NUMBER IDENTIFIER | |
| control field | OSt |
| 005 - DATE AND TIME OF LATEST TRANSACTION | |
| control field | 20201128020925.0 |
| 008 - FIXED-LENGTH DATA ELEMENTS--GENERAL INFORMATION | |
| fixed length control field | 080605s2008 gw ak frb 000 0 eng d |
| 020 ## - INTERNATIONAL STANDARD BOOK NUMBER | |
| International Standard Book Number | 3836487160 (pbk.) |
| 020 ## - INTERNATIONAL STANDARD BOOK NUMBER | |
| International Standard Book Number | 9783836487160 (pbk.) |
| 041 ## - LANGUAGE CODE | |
| Language code of text/sound track or separate title | eng |
| Language code of summary or abstract/overprinted title or subtitle | ger |
| 082 04 - DEWEY DECIMAL CLASSIFICATION NUMBER | |
| Classification number | 005.369 |
| Edition number | 22 |
| Item number | KOR |
| 100 1# - MAIN ENTRY--PERSONAL NAME | |
| Personal name | Korherr, Birgit |
| 9 (RLIN) | 29334 |
| 245 10 - TITLE STATEMENT | |
| Title | Business process modelling : |
| Remainder of title | Ianguages, goals and variabilities / |
| Statement of responsibility, etc | Birgit Korherr. |
| 260 ## - PUBLICATION, DISTRIBUTION, ETC. (IMPRINT) | |
| Place of publication, distribution, etc | Saarbrücken, Germany : |
| Name of publisher, distributor, etc | VDM Verlag Dr. Müller, |
| Date of publication, distribution, etc | 2008. |
| 300 ## - PHYSICAL DESCRIPTION | |
| Extent | xi, 115 p. : |
| Other physical details | forms, tables ; |
| Dimensions | 22 cm. |
| 504 ## - BIBLIOGRAPHY, ETC. NOTE | |
| Bibliography, etc | Bibliography : p. 110-115. |
| 546 ## - LANGUAGE NOTE | |
| Language note | Abstract in English and German Language. |
| 650 #0 - SUBJECT ADDED ENTRY--TOPICAL TERM | |
| Topical term or geographic name as entry element | Business |
| General subdivision | Data processing |
| 9 (RLIN) | 1676 |
| 650 #0 - SUBJECT ADDED ENTRY--TOPICAL TERM | |
| Topical term or geographic name as entry element | Business planning |
| General subdivision | Mathematical models |
| 9 (RLIN) | 29336 |
| 650 #0 - SUBJECT ADDED ENTRY--TOPICAL TERM | |
| Topical term or geographic name as entry element | System design |
| 9 (RLIN) | 733 |
| 650 #0 - SUBJECT ADDED ENTRY--TOPICAL TERM | |
| Topical term or geographic name as entry element | Industrial management |
| General subdivision | Mathematical models |
| 9 (RLIN) | 25973 |
| 653 ## - INDEX TERM--UNCONTROLLED | |
| Resource For college | Informatics and Computer Science |
| Arrived date list | March2012 |
| -- | April2014 |
| 655 ## - INDEX TERM--GENRE/FORM | |
| Form subdivision | |
| -- | 34232 |
| 942 ## - ADDED ENTRY ELEMENTS (KOHA) | |
| Source of classification or shelving scheme | Dewey Decimal Classification |
| Item type | Book - Borrowing |
| Call number prefix | 005.369 KOR |
| Withdrawn status | Item status | Source of classification or shelving scheme | Damaged status | Not for loan | Vendor | Home library | Current library | Shelving location | Date acquired | Source of acquisition | Total Checkouts | Full call number | Barcode | Date last seen | Koha item type | Date last borrowed | Cost, normal purchase price | Cost, replacement price |
|---|---|---|---|---|---|---|---|---|---|---|---|---|---|---|---|---|---|---|
| Dewey Decimal Classification | Baccah | Central Library | Central Library | Lower Floor | 08/03/2012 | 005.369 KOR | 000026393 | 15/07/2025 | Book - Borrowing | |||||||||
| Dewey Decimal Classification | Baccah | Central Library | Central Library | Lower Floor | 08/03/2012 | 005.369 KOR | 000026394 | 15/07/2025 | Book - Borrowing | |||||||||
| Dewey Decimal Classification | Baccah | Central Library | Central Library | Lower Floor | 08/03/2012 | 1 | 005.369 KOR | 000026395 | 15/07/2025 | Book - Borrowing | 03/02/2013 | |||||||
| Dewey Decimal Classification | Baccah | Central Library | Central Library | Lower Floor | 02/04/2014 | 005.369 KOR | 000035857 | 15/07/2025 | Book - Borrowing | 580.00 | 725.00 |